000 00624nam a2200229 i 4500
001 C2-0086424
003 PPAK
005 20180727091011.0
008 970504s1983 ja |||| ||||| | eng d
020 _a087011610X
040 _aPPAK
_beng
_cPPAK
_erda
082 0 4 _a952.032
_223
090 0 0 _a952.032
_bMUR
_dG
100 1 _aMurakami, Hiyoe,
_eauthor
245 1 0 _aJapan :
_bthe years of trial 1919-52
264 1 _aTokyo, Japan :
_bKadansha International ,
_c1983
300 _a246 pages ;
_c19 cm
336 _2rdacontent
_atext
337 _2rdamedia
_aunmediated
338 _2rdacarrier
_avolume
942 _ddc
_cB
999 _c17695
_d17695